Danmarks Regioner (med kort) - Statistics

General Stats
  • This quiz has been taken 163 times
  • The average score is 4 of 5
Answers on the Map
Answers color-coded by a green-red scale on the quiz's map according to % correct below.
 
Answer Stats
Region % Correct
Region Nordjylland
92%
Region Midtjylland
90%
Region Sjælland
89%
Region Hovedstaden
69%
Region Syddanmark
66%
No matching quizzes found
Score Distribution
Percent of People with Each Score
Percentile by Number Answered
Your Score History
You have not taken this quiz